UFC Fighters by Nicknames - Statistics

General Stats
  • This quiz has been taken 234 times
  • The average score is 20 of 26
Answer Stats
Nickname Fighter % Correct
The Notorious Conor Mcgregor
99%
DC Daniel Cormier
98%
Bones Jon Jones
95%
Poatan Alex Pereira
92%
Mighty Mouse Demetrious Johnson
92%
Do Bronx Charles Oliveira
90%
Blessed Max Holloway
90%
The Last StyleBender Israel Adesanya
89%
The Eagle Khabib Nurmagomedov
89%
The Baddy Paddy Pimblett
89%
Suga Sean O'Malley
89%
The Spider Anderson Silva
87%
The Nigerian Nightmare Kamaru Usman
87%
El Cucuy Tony Ferguson
87%
The Diamond Dustin Poirier
85%
Rush George St-Pierre
81%
Borz Khamzat Chimaev
77%
The Highlight Justin Gaethje
76%
Rocky Leon Edwards
73%
The Predator Francis Ngannou
72%
The Great Alexander Volkanovski
67%
The Machine Merab Dvalishvili
63%
Shogun Mauricio Rua
59%
Big Country Roy Nelson
39%
The Prodigy Bj Penn
36%
The Tarantula Jalin Turner
30%
No matching quizzes found
Score Distribution
Percent of People with Each Score
Percentile by Number Answered
Your Score History
You have not taken this quiz